zpět

Detail výsledku týmu

Mama Shelter - Holešovice, Praha

Datum a čas kvízu

28 Celkem bodů Celkový počet nahraných bodů na tomto kvízu bez doplňovacích otázek.
12. Pořadí na kvízu Konečné umístění týmu na tomto kvízu.

Zaznamenané odpovědi

# Otázka Odpověď Body Výsledky
1. Minulý týden se stalo hitem so... (Ford) Mustang, žlutá barva 1
2. Minulý týden došlo v USA ke zř... Baltimore 1
3. Pondělní vyřizování účtů mezi... Aleš Bejr 1
4. V pondělí oznámila síň Heritag... D) rám dveří, na němž se Rose zachránila 0
5. Kteří dva olympijští vítězové... Pavel Patera, David Moravec 0
6. Věříme, že ovládáte velkou pal... Řecko 1
7. Kalaallit Nunaat, tak zní v mí... Dánsko 0
8. Vyberte zemi, jejíž zkratka ná... C 1
9. Švýcarsko má čtyři úřední jazy... 1D 2B 3A 4C 1
10. Caerdydd je alternativní název... Cardiff 1